Biggest sources of immigrants to Mississippi - Statistics

General Stats
  • This quiz has been taken 20 times
  • The average score is 9 of 10
Answer Stats
Hint Answer % Correct
15,949 Mexico
100%
1,929 China
94%
4,678 India
94%
1,430 United Kingdom
94%
3,049 Vietnam
88%
1,298 Canada
82%
3,157 Philippines
82%
1,010 Colombia
76%
2,045 Germany
76%
1,758 Japan
71%
No matching quizzes found
Score Distribution
Percent of People with Each Score
Percentile by Number Answered
Your Score History
You have not taken this quiz